| 000 | 01202nam a2200217Ia 4500 | ||
|---|---|---|---|
| 003 | Ost | ||
| 005 | 20260507075352.0 | ||
| 008 | 260507s9999||||xx |||||||||||||| ||und|| | ||
| 020 | _a48483289779 | ||
| 040 | _cfsecg | ||
| 041 | _aara | ||
| 082 | _a330 | ||
| 100 |
_aسلامة، محمد عبد الحي ابراهيم _eمؤلف |
||
| 245 | 0 |
_aإفشاء السر المصرفي بين الحظر و الاباحة : _bدراسة مقارنة / _c محمد عبد الحي ابراهيم سلامة |
|
| 260 |
_aالإسكندرية: _bدار الجامعة الجديدة, _c2012 |
||
| 300 |
_a405 صفحة؛ _bإيضاحات ؛ _c24 سم |
||
| 520 | _aالإلتزام بالسر المصرفي- ماهية الإلتزام بالسر المصرفي و أهميته و تطوره ونطاقه- الإخلال بالإلتزام بالسر المصرفي- آثار الإخلال بالإلتزام بالسر المصرفي- المسؤولية القانونية من إفشاء السر المصرفي- الإستثناءات التي يباح فيها كشف أسرار العميل | ||
| 653 | _aالآداب القانونية | ||
| 653 | _aالبنوك- السرية | ||
| 942 | _cكتاب | ||
| 999 |
_c44150 _d44150 |
||